000 01068cam a22002893a 4500
001 3558
003 PGUSA
005 20140828083034.0
008 021201s2002||||xxu|||||s|||||000 | eng d
040 _aPGUSA
_beng
042 _adc
050 4 _aDC
100 1 _aBourrienne, Louis Antoine Fauvelet de,
_d1769-1834
245 1 0 _aMemoirs of Napoleon Bonaparte — Volume 08
_h[electronic resource] /
_cLouis Antoine Fauvelet de Bourrienne
260 _bProject Gutenberg,
_c2002
506 _aPublic domain in the USA.
516 _aElectronic text
653 _aNapoleon I, Emperor of the French, 1769-1821 -- Contemporaries
653 _aBourrienne, Louis Antoine Fauvelet de, 1769-1834
653 _aNapoleon I, Emperor of the French, 1769-1821 -- Relations with private secretaries
653 _aNapoleon I, Emperor of the French, 1769-1821
653 _aPrivate secretaries -- France -- Biography
700 1 _aPhipps, Ramsay Weston,
_d1838-1923
830 0 _aProject Gutenberg
_v3558
856 4 0 _uhttp://www.gutenberg.org/ebooks/3558
942 _cEB
999 _c232887
_d232887